| 000 | 008380000a22002530004500 | ||
|---|---|---|---|
| 001 | 52256 | ||
| 010 | _a972-22-2106-X | ||
| 021 |
_aPT _b174617/02 |
||
| 090 | _a52256 | ||
| 100 | _a20171106d2017 k y0pory5003 ba | ||
| 101 | 0 | _apor | |
| 102 | _aPT | ||
| 200 | 1 |
_aAnita e os amigos _eQue tempo faz? _fGilbert Delahaye, Marcel Maelier |
|
| 210 |
_aLisboa _cVerbo _d2002 |
||
| 215 |
_a[12] _cmuito il. _e+40 autocolantes reutilizáveis |
||
| 606 |
_aLiteratura infantojuvenil _xConto |
||
| 675 |
_a82-34 _vBN _zpor |
||
| 675 |
_a087.5-053.5 _vBN _zpor |
||
| 700 | 1 |
_aDelahaye _bGilbert |
|
| 701 | 1 |
_929821 _4070 _aMarlier _bMarcel |
|
| 801 |
_aPT _c20171106 |
||
| 859 |
_uhttps://livralivro.com.br/uploads/book/img/06X/972222106X.jpg _zCapa |
||
| 942 |
_cMON _n0 |
||
| 999 |
_a52256 _bBibliobase - BEBDPPC _c2019-01-21 |
||